000 00451nam a2200205Ia 4500
003 0100
008 130303s9999 xx 000 0 und d
040 _cARRUPELIB
050 _aBC71.C37 1980
100 _aCarney, James
245 _aFundamentals of Logic
260 _aNew Jersey
260 _bMacmillan Publ. Co.
260 _C1980
300 _a461p.
300 _b 21cm
650 _aLOGIC
700 _aScheer Richard
942 0 0 _01
999 _c26235
_d26235